[Event "Gibraltar Masters"]
[Site "Caleta ENG"]
[Date "2011.01.28"]
[Round "4.34"]
[White "Iordachescu, Viorel"]
[Black "Sipila, Vilka"]
[Result "1-0"]
[WhiteTitle "GM"]
[WhiteElo "2634"]
[BlackElo "2269"]
[WhiteFideId "13900200"]
[BlackFideId "505455"]
[EventDate "2011.01.25"]
[EventType "swiss"]

1. e4 e6 2. d4 d5 3. Nc3 Bb4 4. e5 c5 5. a3 Bxc3+ 6. bxc3 Ne7 7. Nf3 Qc7 8. h4
b6 9. h5 h6 10. Bb5+ Bd7 11. Bd3 Ba4 12. O-O Nd7 13. Re1 Rc8 14. Ra2 O-O 15. Bf4
Kh8 16. Qd2 Ng8 17. g4 Rce8 18. Nh4 c4 19. Bf1 Kh7 20. Bg3 g5 21. hxg6+ fxg6 22.
f4 Qd8 23. Ng2 Ne7 24. Be2 Kg7 25. Rf1 Nb8 26. Raa1 Bd7 27. Bh4 Kh7 28. Qe3 Ba4
29. Rac1 Nd7 30. Qh3 Qc7 31. Ne3 Ng8 32. Rf3 Kg7 33. Rcf1 Nb8 34. f5 exf5 35.
gxf5 gxf5 36. Rxf5 Rxf5 37. Qxf5 Bc6 38. Bh5 Rc8 39. Qg6+ Kh8 40. Rf7 Nd7 41.
Qg7# 1-0

[Event "Gibraltar Masters"]
[Site "Caleta ENG"]
[Date "2011.01.28"]
[Round "4.36"]
[White "Andreasen, Per"]
[Black "Fier, Alexandr"]
[Result "0-1"]
[WhiteTitle "FM"]
[BlackTitle "GM"]
[WhiteElo "2239"]
[BlackElo "2571"]
[WhiteFideId "1400886"]
[BlackFideId "2107139"]
[EventDate "2011.01.25"]
[EventType "swiss"]

1. Nf3 Nf6 2. c4 e6 3. b3 d5 4. Bb2 Be7 5. g3 O-O 6. Bg2 a5 7. a3 c5 8. cxd5
exd5 9. d4 Nc6 10. dxc5 Bxc5 11. O-O Bg4 12. Nc3 Re8 13. Rc1 Qe7 14. Nb5 Ne4 15.
Rc2 Rad8 16. Qc1 Bb6 17. Nbd4 Bxf3 18. Nxc6 bxc6 19. Bxf3 c5 20. a4 Ng5 21. Bg2
Ne6 22. Rd1 d4 23. Bc6 Rf8 24. Bb5 Rd5 25. Bc4 Rh5 26. e3 Rd8 27. exd4 cxd4 28.
Re2 Qd7 29. Rd3 Rh6 30. Qe1 Qc6 31. Bc1 Rg6 32. Re5 Bc7 33. Rf5 Rg4 34. Rdf3 Re4
35. Qd1 f6 36. Rd3 Kh8 37. f3 Re5 38. Rxe5 fxe5 39. Qe2 Nc5 40. Rd1 d3 41. Qf2
Rf8 42. Kg2 e4 43. f4 Nxa4 44. Qd4 Rd8 0-1

[Event "Gibraltar Masters"]
[Site "Caleta ENG"]
[Date "2011.01.28"]
[Round "4.38"]
[White "Harika, Dronavalli"]
[Black "Jaunooby, Ali R"]
[Result "1-0"]
[WhiteTitle "IM"]
[WhiteElo "2520"]
[BlackElo "2207"]
[WhiteFideId "5015197"]
[BlackFideId "413291"]
[EventDate "2011.01.25"]
[EventType "swiss"]

1. Nf3 b5 2. e4 Bb7 3. Bxb5 Bxe4 4. O-O e6 5. Re1 Bb7 6. d4 Be7 7. c4 Nf6 8. Nc3
O-O 9. Ba4 Ba6 10. Bb3 Nc6 11. Bg5 Na5 12. Nd2 c5 13. Bxf6 Bxf6 14. dxc5 Bxc3
15. bxc3 f5 16. Nf3 Qc7 17. Ne5 Rad8 18. Qd6 Qxd6 19. cxd6 Nb7 20. f3 Nc5 21.
Bc2 Rb8 22. Rab1 Rb6 23. Rxb6 axb6 24. Rb1 Rb8 25. a4 Rb7 26. Kf2 g5 27. g3 Kg7
28. f4 Kf6 29. Ke3 gxf4+ 30. gxf4 Kg7 31. Kd4 Ne4 32. Bxe4 fxe4 33. Kxe4 Kf6 34.
Rxb6 Ra7 35. Rb8 Bb7+ 36. Kd4 Bc6 37. Rf8+ Kg7 38. Rf7+ 1-0

[Event "Gibraltar Masters"]
[Site "Caleta ENG"]
[Date "2011.01.28"]
[Round "4.39"]
[White "Vogel, Jaap"]
[Black "Cabrera, Alexis"]
[Result "0-1"]
[WhiteTitle "FM"]
[BlackTitle "GM"]
[WhiteElo "2207"]
[BlackElo "2518"]
[WhiteFideId "1000764"]
[BlackFideId "3502783"]
[EventDate "2011.01.25"]
[EventType "swiss"]

1. Nf3 Nf6 2. g3 g6 3. Bg2 Bg7 4. d4 O-O 5. O-O d5 6. c4 dxc4 7. Na3 c3 8. bxc3
c5 9. e3 Nc6 10. Bb2 Bf5 11. Qe2 Qb6 12. Rfd1 Rfd8 13. Nc4 Qa6 14. Bf1 Rac8 15.
Ne1 Qa4 16. Nd2 Bg4 17. f3 Bd7 18. Nb3 b6 19. Qa6 Na5 20. dxc5 Nxb3 21. Qxa4
Bxa4 22. Rxd8+ Rxd8 23. axb3 Bxb3 24. cxb6 axb6 25. c4 Nd7 26. Bxg7 Kxg7 27. Rb1
Nc5 28. Rb2 Rd1 29. Kf2 Rc1 30. Nd3 Rxf1+ 31. Kxf1 Bxc4 32. Rxb6 Nxd3 33. Kg2 f5
34. Rb7 Kf6 35. Rb8 Bd5 36. Rd8 e6 37. Kf1 Ne5 0-1

[Event "Gibraltar Masters"]
[Site "Caleta ENG"]
[Date "2011.01.28"]
[Round "4.40"]
[White "Valgmae, Toomas"]
[Black "Hoffmann, Michael1"]
[Result "1-0"]
[BlackTitle "GM"]
[WhiteElo "2190"]
[BlackElo "2506"]
[WhiteFideId "4502523"]
[BlackFideId "4601297"]
[EventDate "2011.01.25"]
[EventType "swiss"]

1. d4 Nf6 2. c4 g6 3. Nc3 d5 4. cxd5 Nxd5 5. e4 Nxc3 6. bxc3 Bg7 7. Be3 c5 8.
Qd2 Qa5 9. Rc1 O-O 10. Nf3 Rd8 11. d5 Nc6 12. Be2 Bg4 13. O-O e6 14. Rfd1 exd5
15. exd5 Bxf3 16. Bxf3 Ne5 17. c4 Nxf3+ 18. gxf3 Qc7 19. Bf4 Qd7 20. Rb1 Re8 21.
Re1 Bd4 22. Kg2 f6 23. Be3 Be5 24. Bf4 Bd4 25. Be3 Be5 26. Bf4 Bxf4 27. Qxf4 Kg7
28. Re6 Rf8 29. Qd6 Rf7 30. Qxc5 Rc8 31. Qd4 Qa4 32. Rxf6 1-0

[Event "Gibraltar Masters"]
[Site "Caleta ENG"]
[Date "2011.01.28"]
[Round "4.41"]
[White "Gallagher, Joseph G."]
[Black "Aerni, Andi"]
[Result "1-0"]
[WhiteTitle "GM"]
[WhiteElo "2501"]
[BlackElo "2182"]
[WhiteFideId "1303422"]
[BlackFideId "1313185"]
[EventDate "2011.01.25"]
[EventType "swiss"]

1. e4 d5 2. exd5 Qxd5 3. Nc3 Qa5 4. d4 Nf6 5. Nf3 c6 6. Bc4 Bf5 7. Bd2 e6 8. Nd5
Qd8 9. Nxf6+ Qxf6 10. Qe2 Bg4 11. O-O-O Nd7 12. d5 cxd5 13. Bxd5 O-O-O 14. Qc4+
Bc5 15. Bxb7+ Kxb7 16. Qxg4 Nb6 17. Qe4+ Ka6 18. Bg5 Rxd1+ 19. Rxd1 Qg6 20. Qe2+
Kb7 21. Qb5 Rc8 22. Rd7+ Ka8 23. c3 Qf5 24. Qa6 Nxd7 25. Qxc8+ Nb8 26. Qc7 Bb6
27. Qg3 Na6 28. Qd6 Nc5 29. Qc6+ Kb8 30. Be7 Nd3+ 31. Kd2 Bc7 32. Bd6 1-0

[Event "Gibraltar Masters"]
[Site "Caleta ENG"]
[Date "2011.01.28"]
[Round "4.42"]
[White "Lacrosse, Marc"]
[Black "Das, Arghyadip"]
[Result "0-1"]
[WhiteTitle "FM"]
[BlackTitle "IM"]
[WhiteElo "2181"]
[BlackElo "2479"]
[WhiteFideId "200921"]
[BlackFideId "5003610"]
[EventDate "2011.01.25"]
[EventType "swiss"]

1. d4 Nf6 2. c4 e6 3. Nf3 b6 4. a3 Bb7 5. Nc3 d5 6. cxd5 Nxd5 7. Qc2 Nxc3 8.
bxc3 Be7 9. e4 O-O 10. Bd3 c5 11. O-O Qc7 12. Qe2 Nd7 13. Bd2 Rfd8 14. a4 a6 15.
Rfb1 Re8 16. Rb2 Qc6 17. Bf4 Ra7 18. Rab1 Qxa4 19. Ra2 Qc6 20. d5 exd5 21. Bb5
Qc8 22. Ne5 Nxe5 23. Bxe8 Ng6 24. Bxf7+ Kxf7 25. Bg3 0-1

[Event "Gibraltar Masters"]
[Site "Caleta ENG"]
[Date "2011.01.28"]
[Round "4.43"]
[White "Gaponenko, Inna"]
[Black "Szuper, Paul"]
[Result "1/2-1/2"]
[WhiteTitle "IM"]
[WhiteElo "2466"]
[BlackElo "2174"]
[WhiteFideId "14101181"]
[BlackFideId "2026791"]
[EventDate "2011.01.25"]
[EventType "swiss"]

1. e4 e5 2. Nf3 Nc6 3. Bb5 a6 4. Bxc6 dxc6 5. O-O Qe7 6. d4 exd4 7. Qxd4 Bg4 8.
Nbd2 Qc5 9. Qxc5 Bxc5 10. Nb3 Bd6 11. e5 Be7 12. Ng5 h6 13. Ne4 Bf5 14. Re1
O-O-O 15. Bd2 Bf8 16. c3 c5 17. Ng3 Bd3 18. Be3 b6 19. Rad1 Ne7 20. Nc1 Bb1 21.
Rxd8+ Kxd8 22. a3 Nf5 23. Nxf5 Bxf5 24. Ne2 Kc8 25. h3 Be7 26. g4 Bd7 27. Ng3 g6
28. Kg2 h5 29. f3 Bh4 30. Bf2 Bxg3 31. Kxg3 hxg4 32. fxg4 Be6 33. Rd1 Bb3 34.
Rd2 Rd8 35. Rxd8+ Kxd8 36. Kf4 Ke7 37. Bh4+ Kd7 38. Bf6 c4 39. h4 Bd1 40. Kg5 b5
41. h5 gxh5 42. gxh5 Ke6 43. Bd8 c6 44. Bc7 Be2 1/2-1/2

[Event "Gibraltar Masters"]
[Site "Caleta ENG"]
[Date "2011.01.28"]
[Round "4.44"]
[White "Lasinskas, Povilas"]
[Black "Bellaiche, Anthony"]
[Result "0-1"]
[WhiteTitle "FM"]
[BlackTitle "IM"]
[WhiteElo "2164"]
[BlackElo "2458"]
[WhiteFideId "12800503"]
[BlackFideId "615668"]
[EventDate "2011.01.25"]
[EventType "swiss"]

1. d4 Nf6 2. c4 e6 3. Nc3 Bb4 4. Qc2 O-O 5. Bg5 c5 6. dxc5 h6 7. Bh4 Na6 8. e3
Nxc5 9. Bd3 Bxc3+ 10. Qxc3 Nfe4 11. Bxe4 Qxh4 12. Bf3 a5 13. b3 e5 14. Rd1 e4
15. Be2 d6 16. g3 Qe7 17. h4 Bf5 18. Nh3 a4 19. b4 Nd3+ 20. Bxd3 exd3 21. Nf4
Rac8 22. O-O b5 23. Nxd3 Rxc4 24. Qd2 Bh3 25. Rfe1 Qe4 26. Nf4 Bg4 27. Rc1 Rxb4
28. Qxd6 Rb2 29. a3 Qf3 30. Rf1 Bf5 31. Qd1 Be4 32. Qxf3 Bxf3 33. Nd3 Rb3 34.
Ne5 Be4 35. Rc5 f6 36. f3 fxe5 37. fxe4 Rxf1+ 38. Kxf1 Rb2 39. Rc3 Kf7 40. g4
Ke6 41. Rc6+ Kd7 42. Rc3 Kd6 43. g5 hxg5 44. hxg5 Rb3 45. Rc8 Rxa3 46. Ke2 b4
47. Rg8 b3 48. Kd3 b2+ 49. Kc2 Rb3 50. Kb1 a3 51. Ra8 Rxe3 0-1

[Event "Gibraltar Masters"]
[Site "Caleta ENG"]
[Date "2011.01.28"]
[Round "4.45"]
[White "Daoudi, Kamal"]
[Black "Vernay, Clovis"]
[Result "0-1"]
[BlackTitle "IM"]
[WhiteElo "2155"]
[BlackElo "2446"]
[WhiteFideId "9001069"]
[BlackFideId "633046"]
[EventDate "2011.01.25"]
[EventType "swiss"]

1. e4 e6 2. d4 d5 3. e5 c5 4. c3 Nc6 5. Nf3 Qb6 6. a3 f6 7. Bd3 fxe5 8. dxe5 c4
9. Bc2 Nh6 10. O-O Nf7 11. Qe2 Bd7 12. Nbd2 g6 13. b3 cxb3 14. Nxb3 Bg7 15. Bf4
O-O 16. Rab1 Rac8 17. h4 Ne7 18. Nbd4 Qc7 19. g4 Nh6 20. Bg5 Rce8 21. Bf6 Bxf6
22. exf6 Nc6 23. Bxg6 hxg6 24. Qd3 Kf7 25. Nxc6 Bxc6 26. Qe3 Nxg4 27. Qg5 Nxf6
28. Ne5+ Ke7 29. Nxg6+ Kd8 30. Nxf8 Rxf8 31. Kh1 Kc8 32. f3 Qf7 33. Rb2 Rg8 34.
Qe5 Rh8 35. Rh2 Rh5 36. Qg3 Ne4 37. Qg4 Rf5 38. Rh3 Bb5 39. Kg2 0-1

[Event "Gibraltar Masters"]
[Site "Caleta ENG"]
[Date "2011.01.28"]
[Round "4.46"]
[White "Zhukova, Natalia"]
[Black "Tscharotschkin, Michael"]
[Result "1/2-1/2"]
[WhiteTitle "GM"]
[WhiteElo "2441"]
[BlackElo "2181"]
[WhiteFideId "14101513"]
[BlackFideId "4619510"]
[EventDate "2011.01.25"]
[EventType "swiss"]

1. Nf3 d5 2. c4 c6 3. d4 e6 4. Nc3 Nf6 5. Qd3 Nbd7 6. g3 Be7 7. Bg2 b6 8. O-O
Bb7 9. Rd1 O-O 10. b3 Rc8 11. Bb2 Qc7 12. Rac1 Qb8 13. e4 dxe4 14. Nxe4 Rfd8 15.
Nxf6+ Bxf6 16. Nd2 c5 17. Bxb7 Qxb7 18. Ne4 Ne5 19. Qe2 cxd4 20. Bxd4 Kh8 21.
Rc3 Qc7 22. Nxf6 gxf6 23. Rcd3 Kg8 24. Bxe5 fxe5 25. Rxd8+ Rxd8 26. Rxd8+ Qxd8
27. Qxe5 Qd7 28. h4 h6 29. Qe3 Kg7 30. b4 Qa4 31. a3 Qc2 32. c5 bxc5 33. bxc5 a5
34. Qd4+ Kh7 35. Kg2 a4 36. Qe3 Kg7 37. Qe5+ Kg8 38. Qd4 Kh7 39. Qe3 Kg7 40.
Qe5+ Kg8 41. Qd4 1/2-1/2

[Event "Gibraltar Masters"]
[Site "Caleta ENG"]
[Date "2011.01.28"]
[Round "4.47"]
[White "Battaglini, Gabriel"]
[Black "Daumen, Michael"]
[Result "1-0"]
[WhiteTitle "IM"]
[WhiteElo "2437"]
[BlackElo "2130"]
[WhiteFideId "621650"]
[BlackFideId "4672283"]
[EventDate "2011.01.25"]
[EventType "swiss"]

1. d4 Nf6 2. c4 e6 3. g3 c5 4. d5 exd5 5. cxd5 b5 6. Bg2 d6 7. e4 Bb7 8. Nf3 Be7
9. Qe2 b4 10. Nbd2 O-O 11. O-O Re8 12. Re1 Bf8 13. Qd3 Nbd7 14. Nc4 a5 15. a4
Nb6 16. b3 Nxc4 17. bxc4 Nd7 18. Bb2 f6 19. Nd2 Nb6 20. f4 Qd7 21. Qb3 Re7 22.
Bf1 Qe8 23. Bd3 Bc8 24. Bc2 Bd7 25. e5 fxe5 26. fxe5 dxe5 27. Ne4 Rf7 28. Ng5
Rf5 29. Bxf5 Bxf5 30. Rxe5 Qg6 31. Qf3 Nxc4 32. Rxf5 Nxb2 33. d6 h6 34. Qd5+ Kh8
35. Qxa8 Qxf5 36. Rf1 Qxg5 37. Rxf8+ Kh7 1-0

[Event "Gibraltar Masters"]
[Site "Caleta ENG"]
[Date "2011.01.28"]
[Round "4.48"]
[White "Kandic, Milan"]
[Black "Vaibhav, Suri"]
[Result "0-1"]
[BlackTitle "IM"]
[WhiteElo "2143"]
[BlackElo "2421"]
[WhiteFideId "926752"]
[BlackFideId "5045185"]
[EventDate "2011.01.25"]
[EventType "swiss"]

1. d4 Nf6 2. Bf4 d5 3. e3 e6 4. Nf3 Be7 5. Bd3 O-O 6. h3 b6 7. O-O Bb7 8. Nbd2
c5 9. c3 Nbd7 10. Ne5 Nxe5 11. Bxe5 a6 12. Rc1 Rc8 13. Nf3 b5 14. a4 c4 15. Bc2
b4 16. cxb4 Bxb4 17. Bxf6 Qxf6 18. Ne5 Qe7 19. f4 g6 20. Rf3 f6 21. Ng4 Bd6 22.
Qe1 Rb8 23. h4 Bc8 24. Rb1 Kh8 25. Qg3 Bd7 26. b3 cxb3 27. Bxb3 Bxa4 28. Ba2 Bc2
29. Rxb8 Rxb8 30. Rf2 Be4 31. Qh3 h5 32. Nh2 a5 33. Nf3 a4 34. g4 hxg4 35. Qxg4
Bf5 36. Qg2 Rc8 37. Qf1 Rc3 38. Qa6 a3 39. Qe2 Rc1+ 40. Rf1 Rc2 0-1

[Event "Gibraltar Masters"]
[Site "Caleta ENG"]
[Date "2011.01.28"]
[Round "4.50"]
[White "Lipecki, Alexander"]
[Black "Bellon Lopez, Juan Manuel"]
[Result "0-1"]
[BlackTitle "GM"]
[WhiteElo "2126"]
[BlackElo "2404"]
[WhiteFideId "1303511"]
[BlackFideId "2200031"]
[EventDate "2011.01.25"]
[EventType "swiss"]

1. e4 c5 2. Nc3 e6 3. f4 g6 4. Nf3 Nc6 5. Bb5 Nd4 6. Ba4 Qa5 7. a3 b5 8. Bb3
Nxb3 9. cxb3 b4 10. Na4 Bg7 11. O-O Ba6 12. d3 Qb5 13. Ne1 Nf6 14. Be3 d6 15.
Rf2 O-O 16. axb4 cxb4 17. Rc1 Rfc8 18. Rc4 Qb7 19. Rxc8+ Rxc8 20. h3 Nd7 21. Rc2
Rxc2 22. Qxc2 Bb5 23. d4 Bxa4 24. bxa4 b3 0-1

[Event "Gibraltar Masters"]
[Site "Caleta ENG"]
[Date "2011.01.28"]
[Round "4.51"]
[White "Wheldon, Philip"]
[Black "Karim, Ismael"]
[Result "0-1"]
[BlackTitle "IM"]
[WhiteElo "2106"]
[BlackElo "2375"]
[WhiteFideId "407402"]
[BlackFideId "625736"]
[EventDate "2011.01.25"]
[EventType "swiss"]

1. e4 d6 2. d4 g6 3. Nc3 Bg7 4. Be3 a6 5. f4 b5 6. Nf3 Bb7 7. Bd3 Nd7 8. e5 c5
9. Be4 Bxe4 10. Nxe4 cxd4 11. Qxd4 Nh6 12. Qd5 Nf5 13. e6 Nxe3 14. exd7+ Kf8 15.
Qd2 Nc4 16. Qe2 Bxb2 17. Rd1 Qa5+ 18. Kf2 Qb6+ 19. Kg3 Rd8 20. Rhe1 Rxd7 21. c3
d5 22. Ne5 Nxe5 23. fxe5 dxe4 24. Rxd7 Bxc3 25. Qxe4 Bxe1+ 26. Qxe1 Qe6 27. Qc3
Qxd7 0-1

[Event "Gibraltar Masters"]
[Site "Caleta ENG"]
[Date "2011.01.28"]
[Round "4.52"]
[White "Peek, Marcel"]
[Black "Collier, David O"]
[Result "1-0"]
[WhiteTitle "IM"]
[WhiteElo "2342"]
[BlackElo "2108"]
[WhiteFideId "1000462"]
[BlackFideId "406422"]
[EventDate "2011.01.25"]
[EventType "swiss"]

1. d4 Nf6 2. c4 e6 3. Nf3 Bb4+ 4. Bd2 a5 5. g3 d5 6. Bg2 Nc6 7. Qc2 dxc4 8. Qxc4
Qd5 9. Qd3 Qe4 10. Qxe4 Nxe4 11. a3 Nxd2 12. Nbxd2 Be7 13. Rc1 Ra6 14. O-O O-O
15. e3 Bd8 16. Nc4 a4 17. Ne1 b5 18. Nd2 Na5 19. Nd3 Bb7 20. Bxb7 Nxb7 21. Nb4
Rb6 22. Nc6 Bf6 23. Rc2 Ra8 24. Rfc1 Kf8 25. f4 Nd6 26. Nb4 Ne8 27. Nf3 Nd6 28.
Nd2 Ne8 29. Kf2 Be7 30. Nc6 f6 31. Kf3 b4 32. axb4 Bxb4 33. Nxb4 Rxb4 34. Ne4
Ke7 35. Ra1 Ra7 36. Ra3 Nd6 37. Rac3 Nxe4 38. Kxe4 Kd6 39. Rc6+ Kd7 40. R6c4
Rxc4 41. Rxc4 a3 42. bxa3 Rxa3 43. Rc2 Ra8 44. g4 g6 45. h4 Kd6 46. g5 f5+ 47.
Kf3 h5 48. Rb2 Kd5 49. Rb5+ Kc6 50. Rb3 Kd5 51. Rc3 Ra7 52. Rc2 Kd6 53. Rc1 Kd5
54. Rc3 Rb7 55. Ra3 Rb8 56. Ra6 Re8 57. Ra5+ Kd6 58. e4 fxe4+ 59. Kxe4 Rf8 60.
d5 exd5+ 61. Rxd5+ Ke6 62. Re5+ Kd6 63. f5 gxf5+ 64. Rxf5 Ra8 65. Rf6+ Ke7 66.
Kf5 Ra4 67. Re6+ Kd7 68. Rh6 Rxh4 69. g6 Rg4 70. Rxh5 Rg1 71. Rg5 Rf1+ 72. Ke5
Rf8 73. g7 Rg8 74. Kf6 Kd6 75. Kf7 Rxg7+ 76. Kxg7 c5 77. Kf6 c4 78. Rh5 1-0

[Event "Gibraltar Masters"]
[Site "Caleta ENG"]
[Date "2011.01.28"]
[Round "4.53"]
[White "Sreeves, Clement"]
[Black "Getz, Nicolai"]
[Result "0-1"]
[BlackTitle "FM"]
[WhiteElo "2093"]
[BlackElo "2334"]
[WhiteFideId "2402564"]
[BlackFideId "1505572"]
[EventDate "2011.01.25"]
[EventType "swiss"]

1. e4 e5 2. Nf3 Nc6 3. Bb5 a6 4. Ba4 Nf6 5. O-O b5 6. Bb3 Bc5 7. Nxe5 Nxe5 8. d4
Bxd4 9. Qxd4 d6 10. a4 c5 11. Qe3 Bb7 12. Nc3 O-O 13. Bd5 Nxd5 14. Nxd5 f5 15.
Rd1 Kh8 16. axb5 axb5 17. Rxa8 Qxa8 18. Nc7 Qa4 19. Ne6 Qxc2 20. Rxd6 Rg8 21.
Nd8 Bxe4 22. f3 Re8 23. Ne6 Nd3 24. Qd2 Qxc1+ 25. Qxc1 Nxc1 26. fxe4 fxe4 27.
Nxc5 e3 28. Rd1 Ne2+ 29. Kh1 Nd4 30. Nd3 e2 31. Rc1 Nc2 32. Ne1 Rf8 0-1

[Event "Gibraltar Masters"]
[Site "Caleta ENG"]
[Date "2011.01.28"]
[Round "4.54"]
[White "Kolbus, Dietmar"]
[Black "Havik, Victor"]
[Result "1-0"]
[WhiteTitle "IM"]
[WhiteElo "2332"]
[BlackElo "2107"]
[WhiteFideId "4610628"]
[BlackFideId "1506757"]
[EventDate "2011.01.25"]
[EventType "swiss"]

1. Nf3 c5 2. g3 b6 3. Bg2 Bb7 4. O-O e6 5. c4 Nf6 6. Nc3 Be7 7. d4 cxd4 8. Qxd4
d6 9. Rd1 a6 10. b3 Nbd7 11. Bb2 Qc7 12. e4 Rd8 13. Qe3 O-O 14. Nd4 Rfe8 15.
Rac1 Bf8 16. Qd2 Qb8 17. Re1 Nc5 18. Re2 Qa8 19. Rce1 h6 20. Qd1 Ng4 21. Qb1 Ne5
22. Rd1 Nc6 23. h3 Nxd4 24. Rxd4 Bc6 25. Kh2 b5 26. f3 Qb7 27. cxb5 axb5 28. Rc2
b4 29. Ne2 d5 30. exd5 Rxd5 31. Rxd5 Bxd5 32. Qf1 e5 33. Rd2 f6 34. f4 e4 35. f5
Nd3 36. Nf4 Nxf4 37. Qxf4 Qc6 38. Bd4 Bd6 39. Qf2 Qc7 40. Be3 Bb7 41. Bf1 Be5
42. Bc4+ Kh7 43. h4 Bc8 44. h5 Bc3 45. Rd5 Re5 46. Bf4 Rxd5 47. Bxc7 Rd2 48.
Qxd2 Bxd2 49. g4 Bb7 50. Kg3 e3 51. Bd6 Kh8 52. Bc5 Kh7 53. Be2 Be4 54. Kf4 Bb1
55. Bxe3 Bc3 56. Bd1 Kg8 57. Bc5 Kf7 58. a3 bxa3 59. Bxa3 Ke8 60. Bd6 Ba5 61. b4
Bb6 62. Ba4+ Kf7 63. Bb3+ Ke8 64. Kf3 Bd3 65. Bd5 Bb5 66. Be4 Bd4 67. Bc2 Bb2
68. Bc5 Kd7 69. Bf8 Ke8 1-0

[Event "Gibraltar Masters"]
[Site "Caleta ENG"]
[Date "2011.01.28"]
[Round "4.56"]
[White "Wahlbom, Magnus"]
[Black "Fomani, Medhi"]
[Result "1/2-1/2"]
[WhiteElo "2305"]
[BlackElo "2013"]
[WhiteFideId "1700685"]
[BlackFideId "2259435"]
[EventDate "2011.01.25"]
[EventType "swiss"]

1. e4 c6 2. d4 d5 3. exd5 cxd5 4. Nf3 Nc6 5. c3 Nf6 6. Bd3 e6 7. Bf4 Bd6 8. Bg3
a6 9. Nbd2 O-O 10. Ne5 Qc7 11. f4 Ne7 12. O-O b5 13. a3 Nf5 14. Bf2 Bb7 15. Qe2
Be7 16. Be3 Ne4 17. Rac1 Nxe3 18. Qxe3 Nxd2 19. Qxd2 f6 20. Nf3 Bd6 21. g3 Rae8
22. Qc2 g6 23. Rce1 Kg7 24. Qe2 Bc8 25. Qe3 Re7 26. Rf2 Rfe8 27. Ref1 Bd7 28.
Qd2 Bc8 29. Re2 Bd7 30. Kh1 Bc8 31. h4 e5 32. fxe5 fxe5 33. dxe5 Bc5 34. Nd4 1/2-1/2

[Event "Gibraltar Masters"]
[Site "Caleta ENG"]
[Date "2011.01.28"]
[Round "4.57"]
[White "Le Roux, Jean-Pierre"]
[Black "Osuna Vega, Enrique"]
[Result "1-0"]
[WhiteTitle "GM"]
[BlackTitle "CM"]
[WhiteElo "2551"]
[BlackElo "2140"]
[WhiteFideId "609404"]
[BlackFideId "2219549"]
[EventDate "2011.01.25"]
[EventType "swiss"]

1. Nf3 e6 2. d4 Be7 3. g3 f5 4. Bg2 Nf6 5. O-O O-O 6. c4 d6 7. Nc3 Nc6 8. Re1
Ne4 9. d5 Nxc3 10. bxc3 Ne5 11. Nd4 Nxc4 12. Nxe6 Bxe6 13. dxe6 c6 14. Rb1 Qc8
15. e4 Qxe6 16. Rxb7 Bd8 17. Bh3 Qf6 18. exf5 Qxc3 19. Bf1 Ne5 20. Re3 Qa1 21.
Qb3+ Kh8 22. Bb2 Qb1 23. Bxe5 1-0

[Event "Gibraltar Masters"]
[Site "Caleta ENG"]
[Date "2011.01.28"]
[Round "4.59"]
[White "Cramling, Pia"]
[Black "Vinas Guerrero, Carlos A."]
[Result "1/2-1/2"]
[WhiteTitle "GM"]
[WhiteElo "2516"]
[BlackElo "2121"]
[WhiteFideId "1700030"]
[BlackFideId "2216868"]
[EventDate "2011.01.25"]
[EventType "swiss"]

1. d4 d5 2. Bf4 Nf6 3. e3 c5 4. dxc5 Qa5+ 5. Nc3 Nc6 6. a3 Qxc5 7. Nf3 Bg4 8.
Be2 e6 9. O-O a6 10. h3 Bh5 11. Rc1 Be7 12. Na4 Qa7 13. c4 dxc4 14. Rxc4 O-O 15.
Ne5 Rfd8 16. Qc2 Bxe2 17. Qxe2 Na5 18. Rc2 Nd5 19. b4 Nxf4 20. exf4 Nb3 21. Qg4
Rac8 22. Rxc8 Rxc8 23. Qd1 Nd4 24. Nd3 Nb5 25. Qa1 a5 26. Qe5 Nxa3 27. Qxa5 Qxa5
28. bxa5 g6 29. Nb6 Rd8 30. Ne5 Bb4 1/2-1/2

[Event "Gibraltar Masters"]
[Site "Caleta ENG"]
[Date "2011.01.28"]
[Round "4.60"]
[White "Monroy, Charles"]
[Black "Carlsten, Peter"]
[Result "1/2-1/2"]
[WhiteTitle "IM"]
[WhiteElo "2421"]
[BlackElo "2110"]
[WhiteFideId "621641"]
[BlackFideId "1705067"]
[EventDate "2011.01.25"]
[EventType "swiss"]

1. d4 d5 2. Nf3 c6 3. c4 e6 4. Qc2 f5 5. g3 Nf6 6. Bg2 Bd6 7. O-O O-O 8. b3 Qe7
9. Nc3 Nbd7 10. Rd1 Ne4 11. Ne1 Ndf6 12. Nd3 Bd7 13. a4 a5 14. Rb1 h6 15. c5 Bc7
16. Bf4 Bxf4 17. Nxf4 Be8 18. Nd3 Nd7 19. f3 Nxc3 20. Qxc3 Bg6 21. Rb2 Ra7 22.
Re1 Nf6 23. e3 Re8 24. Rbe2 Bh7 25. Ne5 Rf8 26. Nd3 Raa8 27. Rb2 Ra7 28. b4 axb4
29. Rxb4 g5 30. f4 Qc7 31. Qb3 Re8 32. Ne5 Nd7 33. Nxd7 Qxd7 34. Rb1 Re7 35. Rb6
Bg6 36. Bf3 Be8 37. Ra1 Qc7 38. a5 Bd7 39. Be2 Bc8 40. Qa4 Bd7 41. Rab1 Be8 42.
Qb4 Kg7 43. Kf2 Kf6 44. h3 Rg7 45. Rb3 h5 46. h4 gxh4 1/2-1/2

[Event "Gibraltar Masters"]
[Site "Caleta ENG"]
[Date "2011.01.28"]
[Round "4.61"]
[White "Slavin, Alexei"]
[Black "Tari, Aryan"]
[Result "1-0"]
[WhiteTitle "IM"]
[WhiteElo "2417"]
[BlackElo "2097"]
[WhiteFideId "24104388"]
[BlackFideId "1510045"]
[EventDate "2011.01.25"]
[EventType "swiss"]

1. d4 Nf6 2. Nf3 e6 3. e3 b6 4. Bd3 Bb7 5. O-O c5 6. c4 d6 7. Nc3 Nbd7 8. b3 Be7
9. Bb2 O-O 10. d5 e5 11. Ng5 Re8 12. f4 h6 13. Nf3 Bf8 14. fxe5 Ng4 15. e6 fxe6
16. dxe6 Ndf6 17. Qd2 Rxe6 18. Bf5 Re8 19. e4 Ne5 20. Nxe5 dxe5 21. Nd5 Nxd5 22.
exd5 Qd6 23. Qd3 Be7 24. Be6+ Kh8 25. Qg6 Rf8 26. Rxf8+ Rxf8 27. Re1 Bf6 28. Bf5
Kg8 29. Be6+ Kh8 30. Qg3 Qe7 31. Bxe5 Bxe5 32. Qxe5 Bc8 33. Bxc8 Qxe5 34. Rxe5
Rxc8 35. Re7 a6 36. Ra7 b5 37. Rxa6 bxc4 38. bxc4 Rb8 39. Rc6 Rb1+ 40. Kf2 Rb2+
41. Kf3 Rxa2 42. Rxc5 1-0